000 00477cam a22001217a 4500
008 180718b1997 xxu||||| |||| 00| 0 eng d
082 _aR16x5421 K527
100 _aKhan, Q.U
245 _aStudy of factors impeding employment of rural women and measures to improve their employability: a case study of varansi district
_cby Q.U. Khan and Lalita Manocha
260 _aNew Delhi
_bInsitute of Applied Manpower Research
_c1997
300 _a65p.
650 _aWomen -Employment -India
999 _c495295
_d495295